00346nam a2200145Ia 4500003000400000005001700004008004100021040000700062041000800069082002100077100002100098245003200119260003600151365001300187OSt20230601171649.0210423s2005 xx 000 0 und d cAL aeng a658.3 223bWILH aWILSON (John P). aHuman resource development. aNew DelhibKogan Page Ltdc2005 b495cINR